000 00504nam a2200169 4500
001 127496
003 ES-MaACL
007 t|
008 070214s1943 sp r ||||1| spa d
100 1 _aRiesenfeld, Ernst.
_997158
245 1 0 _aPrácticas de Química Inorgánica /
_cErnst Riesenfeld ; traducción de J. M. Plajanini.
250 _a2ª. ed.
260 _aBarcelona :
_bLabor,
_c1943.
300 _aXX, 419 p. ;
_c22 cm.
700 1 _aPlajanini, J. M.
_992512
852 _aES-MaACL
_jE-1843
_bR.22857
999 _c127496
_d127496